[Event "DEM U16w 2021"]
[Site "Willingen GER"]
[Date "2021.08.26"]
[Round "6"]
[White "Kalina, Lena"]
[Black "Albayrak, Nese Pinar"]
[Result "1-0"]
[Termination "normal"]
[Board "6"]
[WhiteElo "1605"]
[BlackElo "1546"]
[WhiteClock "00:01:56"]
[BlackClock "00:01:09"]
[PlyCount "131"]
[WhiteFideId "12988014"]
[BlackFideId "16255259"]
[EventCountry "GER"]
[EventRounds "9"]
[EventType "swiss"]
[EventDate "2021.08.22"]

1. d4 {[%clk 1:30:57]} Nf6 {[%clk 1:30:55]} 2. c4 {[%clk 1:31:20]} g6 {[%clk
1:31:21]} 3. Nf3 {[%clk 1:31:39]} Bg7 {[%clk 1:31:46]} 4. g3 {[%clk 1:31:56]}
O-O {[%clk 1:31:50]} 5. Bg2 {[%clk 1:32:14]} d6 {[%clk 1:32:15]} 6. O-O {[%clk
1:31:55]} Nbd7 {[%clk 1:32:28]} 7. Nc3 {[%clk 1:31:34]} e5 {[%clk 1:32:14]} 8.
b3 {[%clk 1:30:18]} Re8 {[%clk 1:31:39]} 9. e3 {[%clk 1:27:45]} c6 {[%clk
1:29:26]} 10. Bb2 {[%clk 1:19:51]} a5 {[%clk 1:25:37]} 11. Rc1 {[%clk 1:13:05]}
exd4 {[%clk 1:20:44]} 12. Nxd4 {[%clk 1:11:29]} Nc5 {[%clk 1:20:02]} 13. Qd2
{[%clk 1:01:50]} Qb6 {[%clk 1:12:46]} 14. Qc2 {[%clk 0:46:47]} Nfd7 {[%clk
1:08:21]} 15. Rfd1 {[%clk 0:45:06]} Ne5 {[%clk 1:01:51]} 16. Ne4 {[%clk
0:40:19]} Nxe4 {[%clk 0:54:02]} 17. Bxe4 {[%clk 0:40:25]} Bg4 {[%clk 0:51:43]}
18. Rd2 {[%clk 0:37:04]} Rac8 {[%clk 0:49:29]} 19. Bg2 {[%clk 0:33:51]} d5
{[%clk 0:29:09]} 20. cxd5 {[%clk 0:31:29]} cxd5 {[%clk 0:29:21]} 21. Qb1 {[%clk
0:31:43]} Rxc1+ {[%clk 0:28:02]} 22. Qxc1 {[%clk 0:31:50]} Rc8 {[%clk 0:21:25]}
23. Rc2 {[%clk 0:30:14]} Rd8 {[%clk 0:19:11]} 24. Qd2 {[%clk 0:20:53]} Nc6
{[%clk 0:17:23]} 25. Nxc6 {[%clk 0:14:14]} bxc6 {[%clk 0:17:51]} 26. Bxg7
{[%clk 0:13:34]} Kxg7 {[%clk 0:18:06]} 27. Qc3+ {[%clk 0:13:18]} d4 {[%clk
0:16:18]} 28. Qxc6 {[%clk 0:05:24]} Qxc6 {[%clk 0:15:27]} 29. Bxc6 {[%clk
0:05:20]} d3 {[%clk 0:14:56]} 30. Rd2 {[%clk 0:04:51]} Rc8 {[%clk 0:15:05]} 31.
Be4 {[%clk 0:04:15]} Bh3 {[%clk 0:13:28]} 32. Rd1 {[%clk 0:01:03]} d2 {[%clk
0:13:08]} 33. f4 {[%clk 0:00:59]} Rc1 {[%clk 0:11:24]} 34. Bf3 {[%clk 0:01:19]}
Rc2 {[%clk 0:08:53]} 35. Kf2 {[%clk 0:00:47]} Rxa2 {[%clk 0:08:13]} 36. Ke2
{[%clk 0:00:48]} Be6 {[%clk 0:08:33]} 37. Rxd2 {[%clk 0:00:45]} Rxd2+ {[%clk
0:02:48]} 38. Kxd2 {[%clk 0:01:10]} Bxb3 {[%clk 0:03:14]} 39. Kc3 {[%clk
0:01:29]} a4 {[%clk 0:03:39]} 40. Kb4 {[%clk 0:00:41]} Kf6 {[%clk 0:03:15]} 41.
Bc6 {[%clk 0:25:09]} Kf5 {[%clk 0:24:58]} 42. h3 {[%clk 0:18:54]} h5 {[%clk
0:22:59]} 43. e4+ {[%clk 0:16:35]} Kf6 {[%clk 0:21:08]} 44. Bxa4 {[%clk
0:15:39]} Be6 {[%clk 0:04:45]} 45. h4 {[%clk 0:15:03]} Bg4 {[%clk 0:04:53]} 46.
Kc5 {[%clk 0:13:57]} Be6 {[%clk 0:04:35]} 47. Kd6 {[%clk 0:13:39]} Bc4 {[%clk
0:03:15]} 48. Bc2 {[%clk 0:12:24]} Ba2 {[%clk 0:03:05]} 49. e5+ {[%clk
0:11:49]} Kg7 {[%clk 0:03:32]} 50. Ke7 {[%clk 0:12:13]} Bc4 {[%clk 0:03:38]}
51. Bd1 {[%clk 0:11:16]} Be6 {[%clk 0:03:49]} 52. Be2 {[%clk 0:10:44]} Bb3
{[%clk 0:03:38]} 53. f5 {[%clk 0:09:40]} gxf5 {[%clk 0:03:04]} 54. Bxh5 {[%clk
0:09:54]} Be6 {[%clk 0:03:18]} 55. Be2 {[%clk 0:08:21]} Kg6 {[%clk 0:03:15]}
56. Bb5 {[%clk 0:04:54]} Bb3 {[%clk 0:02:32]} 57. Bd7 {[%clk 0:04:37]} Bc4
{[%clk 0:02:43]} 58. Kf8 {[%clk 0:01:21]} Bb3 {[%clk 0:01:35]} 59. Be8 {[%clk
0:00:57]} Bc4 {[%clk 0:00:40]} 60. Bd7 {[%clk 0:01:22]} Be2 {[%clk 0:00:37]}
61. Be8 {[%clk 0:00:38]} Bc4 {[%clk 0:00:56]} 62. h5+ {[%clk 0:00:49]} Kxh5
{[%clk 0:00:34]} 63. Bxf7+ {[%clk 0:01:10]} Bxf7 {[%clk 0:00:48]} 64. Kxf7
{[%clk 0:01:37]} Kg4 {[%clk 0:01:14]} 65. Kf6 {[%clk 0:01:30]} Kxg3 {[%clk
0:01:09]} 66. Kxf5 {[%clk 0:01:56]} 1-0

[Event "DEM U16w 2021"]
[Site "Willingen GER"]
[Date "2021.08.26"]
[Round "6"]
[White "Peglau, Mirjam"]
[Black "Derling, Charlotte"]
[Result "1-0"]
[Termination "normal"]
[Board "7"]
[WhiteElo "1906"]
[BlackElo "1432"]
[WhiteClock "00:43:20"]
[BlackClock "00:08:29"]
[PlyCount "63"]
[WhiteFideId "16211138"]
[BlackFideId "16222237"]
[EventCountry "GER"]
[EventRounds "9"]
[EventType "swiss"]
[EventDate "2021.08.22"]

1. e4 {[%clk 1:30:57]} c5 {[%clk 1:30:46]} 2. Nf3 {[%clk 1:31:20]} d6 {[%clk
1:31:08]} 3. d4 {[%clk 1:31:45]} cxd4 {[%clk 1:31:19]} 4. Nxd4 {[%clk 1:32:13]}
Nf6 {[%clk 1:31:38]} 5. f3 {[%clk 1:32:34]} g6 {[%clk 1:31:44]} 6. c4 {[%clk
1:32:52]} Bg7 {[%clk 1:31:07]} 7. Nc3 {[%clk 1:33:12]} Nc6 {[%clk 1:30:49]} 8.
Be3 {[%clk 1:32:03]} Bd7 {[%clk 1:28:42]} 9. Qd2 {[%clk 1:30:28]} a6 {[%clk
1:27:59]} 10. Be2 {[%clk 1:29:59]} Rc8 {[%clk 1:26:37]} 11. Rc1 {[%clk
1:29:23]} Ne5 {[%clk 1:21:07]} 12. b3 {[%clk 1:28:44]} O-O {[%clk 1:15:17]} 13.
O-O {[%clk 1:29:03]} Qc7 {[%clk 1:06:59]} 14. Rfd1 {[%clk 1:26:23]} Rfd8 {[%clk
1:05:52]} 15. Kh1 {[%clk 1:23:09]} Nc6 {[%clk 1:00:10]} 16. Nd5 {[%clk
1:14:34]} Qb8 {[%clk 0:51:50]} 17. Nxc6 {[%clk 1:14:08]} Bxc6 {[%clk 0:51:18]}
18. Nxe7+ {[%clk 1:14:29]} Kf8 {[%clk 0:50:34]} 19. Nxc8 {[%clk 1:14:35]} Qxc8
{[%clk 0:50:38]} 20. e5 {[%clk 1:11:39]} Ne8 {[%clk 0:48:18]} 21. exd6 {[%clk
1:11:29]} Kg8 {[%clk 0:45:06]} 22. c5 {[%clk 1:10:00]} Nf6 {[%clk 0:42:10]} 23.
Bg5 {[%clk 1:03:58]} Qe6 {[%clk 0:32:35]} 24. Bc4 {[%clk 0:57:46]} Qf5 {[%clk
0:24:04]} 25. Qf4 {[%clk 0:54:55]} Qxf4 {[%clk 0:23:05]} 26. Bxf4 {[%clk
0:55:23]} Nd7 {[%clk 0:21:44]} 27. b4 {[%clk 0:49:44]} Re8 {[%clk 0:14:53]} 28.
Re1 {[%clk 0:46:38]} Rxe1+ {[%clk 0:13:29]} 29. Rxe1 {[%clk 0:47:07]} Bc3
{[%clk 0:13:12]} 30. Re7 {[%clk 0:45:43]} Bf6 {[%clk 0:08:51]} 31. Rxf7 {[%clk
0:43:40]} Kh8 {[%clk 0:08:29]} 32. Be6 {[%clk 0:43:20]} 1-0

[Event "DEM U16w 2021"]
[Site "Willingen GER"]
[Date "2021.08.26"]
[Round "6"]
[White "Wörz, Ann-Sophie"]
[Black "Zöllner, Bente"]
[Result "1/2-1/2"]
[Termination "normal"]
[Board "8"]
[WhiteElo "1563"]
[BlackElo "1620"]
[WhiteClock "00:07:12"]
[BlackClock "00:00:55"]
[PlyCount "120"]
[WhiteFideId "16265890"]
[BlackFideId "16230523"]
[EventCountry "GER"]
[EventRounds "9"]
[EventType "swiss"]
[EventDate "2021.08.22"]

1. c4 {[%clk 1:30:58]} c5 {[%clk 1:30:51]} 2. g3 {[%clk 1:31:18]} g6 {[%clk
1:30:58]} 3. Bg2 {[%clk 1:31:42]} Bg7 {[%clk 1:31:13]} 4. Nc3 {[%clk 1:31:46]}
Nf6 {[%clk 1:31:15]} 5. e3 {[%clk 1:30:31]} Nc6 {[%clk 1:30:44]} 6. Nge2 {[%clk
1:30:08]} O-O {[%clk 1:30:46]} 7. O-O {[%clk 1:29:33]} d6 {[%clk 1:29:10]} 8.
h3 {[%clk 1:26:26]} Bd7 {[%clk 1:27:53]} 9. f4 {[%clk 1:24:33]} Rb8 {[%clk
1:27:02]} 10. g4 {[%clk 1:18:25]} a6 {[%clk 1:26:19]} 11. a4 {[%clk 1:17:46]}
Na5 {[%clk 1:24:40]} 12. d3 {[%clk 1:12:52]} b5 {[%clk 1:23:18]} 13. axb5
{[%clk 1:10:31]} axb5 {[%clk 1:22:58]} 14. cxb5 {[%clk 1:07:02]} Bxb5 {[%clk
1:21:26]} 15. Nxb5 {[%clk 1:07:06]} Rxb5 {[%clk 1:20:50]} 16. Qa4 {[%clk
1:05:54]} Qb6 {[%clk 1:17:34]} 17. Nc3 {[%clk 1:05:05]} Nb3 {[%clk 1:16:09]}
18. Nxb5 {[%clk 0:51:34]} Nxa1 {[%clk 1:15:05]} 19. Nc3 {[%clk 0:49:13]} Nb3
{[%clk 1:13:44]} 20. g5 {[%clk 0:48:38]} Nh5 {[%clk 0:57:17]} 21. Nd5 {[%clk
0:47:25]} Qb8 {[%clk 0:56:40]} 22. Nxe7+ {[%clk 0:44:44]} Kh8 {[%clk 0:56:05]}
23. Kh2 {[%clk 0:38:48]} Nxc1 {[%clk 0:52:04]} 24. Rxc1 {[%clk 0:38:50]} Qxb2
{[%clk 0:50:59]} 25. Qc2 {[%clk 0:38:19]} Rb8 {[%clk 0:46:56]} 26. h4 {[%clk
0:24:29]} Bf8 {[%clk 0:38:48]} 27. Nd5 {[%clk 0:19:25]} Ng7 {[%clk 0:31:41]}
28. Bh3 {[%clk 0:14:36]} Rb3 {[%clk 0:14:59]} 29. Qxb2 {[%clk 0:13:11]} Rxb2+
{[%clk 0:15:11]} 30. Kg3 {[%clk 0:13:11]} Nf5+ {[%clk 0:12:16]} 31. Bxf5 {[%clk
0:12:42]} gxf5 {[%clk 0:12:41]} 32. Rc3 {[%clk 0:10:13]} Rd2 {[%clk 0:11:29]}
33. h5 {[%clk 0:06:57]} h6 {[%clk 0:08:45]} 34. Rb3 {[%clk 0:05:17]} Kh7 {[%clk
0:06:10]} 35. Rb7 {[%clk 0:03:43]} Rxd3 {[%clk 0:02:13]} 36. Rxf7+ {[%clk
0:03:50]} Kg8 {[%clk 0:02:30]} 37. Rxf5 {[%clk 0:03:24]} c4 {[%clk 0:02:36]}
38. Kf3 {[%clk 0:01:45]} c3 {[%clk 0:01:43]} 39. Nxc3 {[%clk 0:01:13]} Rxc3
{[%clk 0:01:48]} 40. g6 {[%clk 0:01:25]} Rc7 {[%clk 0:00:42]} 41. Rd5 {[%clk
0:01:34]} Kg7 {[%clk 0:28:43]} 42. Ke4 {[%clk 0:25:20]} Re7+ {[%clk 0:24:03]}
43. Kf3 {[%clk 0:24:18]} Re6 {[%clk 0:22:17]} 44. Rb5 {[%clk 0:22:44]} Re7
{[%clk 0:15:50]} 45. Rd5 {[%clk 0:22:28]} Rc7 {[%clk 0:15:38]} 46. Ke4 {[%clk
0:21:45]} Rc4+ {[%clk 0:12:50]} 47. Kf3 {[%clk 0:17:23]} Rc5 {[%clk 0:09:55]}
48. Ke4 {[%clk 0:16:04]} Kf6 {[%clk 0:08:50]} 49. Kd4 {[%clk 0:13:36]} Rc1
{[%clk 0:07:37]} 50. e4 {[%clk 0:12:52]} Rd1+ {[%clk 0:07:04]} 51. Kc4 {[%clk
0:12:47]} Rc1+ {[%clk 0:05:31]} 52. Kd4 {[%clk 0:12:55]} Ke6 {[%clk 0:04:04]}
53. Rf5 {[%clk 0:09:53]} Bg7+ {[%clk 0:03:25]} 54. Kd3 {[%clk 0:10:00]} Rc3+
{[%clk 0:03:10]} 55. Kd2 {[%clk 0:10:20]} Rc7 {[%clk 0:01:53]} 56. Ke2 {[%clk
0:08:16]} Bf6 {[%clk 0:02:00]} 57. Rb5 {[%clk 0:07:14]} Rc2+ {[%clk 0:01:12]}
58. Kf3 {[%clk 0:07:19]} Rc3+ {[%clk 0:01:23]} 59. Ke2 {[%clk 0:06:51]} Rc2+
{[%clk 0:00:56]} 60. Kf3 {[%clk 0:07:12]} Rc3+ {[%clk 0:00:55]} 1/2-1/2

[Event "DEM U16w 2021"]
[Site "Willingen GER"]
[Date "2021.08.26"]
[Round "6"]
[White "Petersen, Sophie"]
[Black "Jacobasch, Ronja"]
[Result "1/2-1/2"]
[Termination "normal"]
[Board "9"]
[WhiteElo "1515"]
[BlackElo "1421"]
[WhiteClock "00:09:06"]
[BlackClock "00:05:54"]
[PlyCount "66"]
[WhiteFideId "16229380"]
[BlackFideId "34604340"]
[EventCountry "GER"]
[EventRounds "9"]
[EventType "swiss"]
[EventDate "2021.08.22"]

1. e4 {[%clk 1:30:58]} d6 {[%clk 1:30:54]} 2. d4 {[%clk 1:31:19]} Nf6 {[%clk
1:31:16]} 3. Nc3 {[%clk 1:31:43]} g6 {[%clk 1:31:37]} 4. Nf3 {[%clk 1:31:53]}
Bg7 {[%clk 1:31:57]} 5. Be3 {[%clk 1:31:48]} O-O {[%clk 1:29:51]} 6. h3 {[%clk
1:30:54]} c6 {[%clk 1:28:34]} 7. Bd3 {[%clk 1:29:38]} Nbd7 {[%clk 1:24:50]} 8.
Qd2 {[%clk 1:27:57]} Re8 {[%clk 1:21:46]} 9. O-O {[%clk 1:25:25]} e5 {[%clk
1:20:15]} 10. dxe5 {[%clk 1:22:23]} Nxe5 {[%clk 1:16:04]} 11. Nxe5 {[%clk
1:21:06]} dxe5 {[%clk 1:14:40]} 12. Bh6 {[%clk 1:19:13]} Qc7 {[%clk 1:09:58]}
13. Bxg7 {[%clk 1:16:17]} Kxg7 {[%clk 1:10:26]} 14. Rad1 {[%clk 1:14:17]} Be6
{[%clk 1:08:42]} 15. Qe3 {[%clk 1:11:28]} b6 {[%clk 1:02:52]} 16. Be2 {[%clk
1:04:59]} Rad8 {[%clk 1:00:32]} 17. g4 {[%clk 1:02:06]} Rxd1 {[%clk 0:55:03]}
18. Rxd1 {[%clk 1:01:31]} Rd8 {[%clk 0:50:41]} 19. Rd2 {[%clk 0:54:57]} Rxd2
{[%clk 0:48:51]} 20. Qxd2 {[%clk 0:55:13]} Qd7 {[%clk 0:47:43]} 21. Qxd7 {[%clk
0:48:59]} Nxd7 {[%clk 0:47:28]} 22. b4 {[%clk 0:48:35]} b5 {[%clk 0:39:32]} 23.
a4 {[%clk 0:44:03]} a6 {[%clk 0:37:07]} 24. axb5 {[%clk 0:42:07]} axb5 {[%clk
0:36:19]} 25. Nd1 {[%clk 0:38:42]} h5 {[%clk 0:23:01]} 26. Kg2 {[%clk 0:34:20]}
Nf6 {[%clk 0:18:50]} 27. f3 {[%clk 0:32:37]} hxg4 {[%clk 0:18:23]} 28. hxg4
{[%clk 0:32:53]} Nd7 {[%clk 0:17:13]} 29. Ne3 {[%clk 0:28:50]} Nb6 {[%clk
0:14:44]} 30. Kf2 {[%clk 0:23:41]} f6 {[%clk 0:10:50]} 31. Ke1 {[%clk 0:17:46]}
Kf7 {[%clk 0:10:32]} 32. Kd2 {[%clk 0:12:52]} Ke7 {[%clk 0:07:12]} 33. Kc1
{[%clk 0:09:06]} Kd6 {[%clk 0:05:54]} 1/2-1/2

[Event "DEM U16w 2021"]
[Site "Willingen GER"]
[Date "2021.08.26"]
[Round "6"]
[White "Hafermann, Lara"]
[Black "Schneider, Anna"]
[Result "0-1"]
[Termination "normal"]
[Board "10"]
[WhiteElo "1349"]
[BlackElo "1686"]
[WhiteClock "01:01:14"]
[BlackClock "00:46:43"]
[PlyCount "36"]
[WhiteFideId "16298306"]
[BlackFideId "16200527"]
[EventCountry "GER"]
[EventRounds "9"]
[EventType "swiss"]
[EventDate "2021.08.22"]

1. c4 {[%clk 1:30:56]} c5 {[%clk 1:30:53]} 2. g3 {[%clk 1:31:19]} e6 {[%clk
1:29:08]} 3. e4 {[%clk 1:30:47]} d5 {[%clk 1:26:40]} 4. Bg2 {[%clk 1:26:42]}
dxe4 {[%clk 1:23:17]} 5. Bxe4 {[%clk 1:26:15]} Nf6 {[%clk 1:22:42]} 6. Bg2
{[%clk 1:26:21]} Qc7 {[%clk 1:20:30]} 7. d4 {[%clk 1:24:01]} cxd4 {[%clk
1:19:31]} 8. Qxd4 {[%clk 1:24:06]} Nc6 {[%clk 1:18:46]} 9. Qd1 {[%clk 1:20:50]}
Bb4+ {[%clk 1:18:01]} 10. Nc3 {[%clk 1:19:09]} O-O {[%clk 1:14:37]} 11. Nge2
{[%clk 1:17:07]} Ne5 {[%clk 1:02:07]} 12. b3 {[%clk 1:11:06]} Rd8 {[%clk
1:00:13]} 13. Qc2 {[%clk 1:11:09]} Nd3+ {[%clk 0:59:44]} 14. Kf1 {[%clk
1:11:00]} Ng4 {[%clk 0:56:11]} 15. f3 {[%clk 1:06:07]} Qb6 {[%clk 0:54:21]} 16.
Nd1 {[%clk 1:05:21]} Ndf2 {[%clk 0:48:37]} 17. Ndc3 {[%clk 1:01:39]} Nxh1
{[%clk 0:46:23]} 18. Bxh1 {[%clk 1:01:14]} Qf2# {[%clk 0:46:43]} 0-1

[Event "DEM U16w 2021"]
[Site "Willingen GER"]
[Date "2021.08.27"]
[Round "7"]
[White "Doll, Rebecca"]
[Black "Yue, Qizhou"]
[Result "1/2-1/2"]
[Termination "normal"]
[Board "1"]
[WhiteElo "1803"]
[BlackElo "1798"]
[WhiteClock "00:18:04"]
[BlackClock "00:23:26"]
[PlyCount "102"]
[WhiteFideId "16236890"]
[BlackFideId "16273800"]
[EventCountry "GER"]
[EventRounds "9"]
[EventType "swiss"]
[EventDate "2021.08.22"]

1. e4 {[%clk 1:30:51]} c5 {[%clk 1:30:55]} 2. Nf3 {[%clk 1:31:03]} e6 {[%clk
1:31:18]} 3. d4 {[%clk 1:31:12]} cxd4 {[%clk 1:31:42]} 4. Nxd4 {[%clk 1:31:30]}
Bc5 {[%clk 1:31:54]} 5. Nb3 {[%clk 1:24:48]} Bb6 {[%clk 1:32:01]} 6. N1d2
{[%clk 1:17:31]} d5 {[%clk 1:26:38]} 7. exd5 {[%clk 1:15:25]} exd5 {[%clk
1:25:37]} 8. Bb5+ {[%clk 1:09:41]} Nc6 {[%clk 1:19:43]} 9. O-O {[%clk 1:07:36]}
Nge7 {[%clk 1:12:36]} 10. Nf3 {[%clk 1:02:35]} Bg4 {[%clk 1:04:44]} 11. Re1
{[%clk 0:52:18]} O-O {[%clk 0:57:39]} 12. Bd3 {[%clk 0:48:31]} Ng6 {[%clk
0:54:17]} 13. h3 {[%clk 0:42:16]} Bxf3 {[%clk 0:52:09]} 14. Qxf3 {[%clk
0:42:29]} Nce5 {[%clk 0:50:59]} 15. Qg3 {[%clk 0:36:51]} Nc4 {[%clk 0:47:51]}
16. Bxc4 {[%clk 0:28:26]} dxc4 {[%clk 0:48:12]} 17. Nd2 {[%clk 0:27:01]} Re8
{[%clk 0:39:51]} 18. Rxe8+ {[%clk 0:23:47]} Qxe8 {[%clk 0:40:16]} 19. Nf3
{[%clk 0:23:25]} Qe4 {[%clk 0:37:05]} 20. c3 {[%clk 0:08:52]} Qc2 {[%clk
0:35:45]} 21. Nd4 {[%clk 0:04:34]} Qd1+ {[%clk 0:31:55]} 22. Kh2 {[%clk
0:04:59]} Bxd4 {[%clk 0:25:23]} 23. cxd4 {[%clk 0:05:24]} Qxd4 {[%clk 0:25:33]}
24. Qe3 {[%clk 0:05:36]} Qd6+ {[%clk 0:22:29]} 25. Qg3 {[%clk 0:03:17]} Qxg3+
{[%clk 0:19:07]} 26. Kxg3 {[%clk 0:03:36]} Rd8 {[%clk 0:19:10]} 27. Be3 {[%clk
0:03:35]} a6 {[%clk 0:18:56]} 28. Rc1 {[%clk 0:03:38]} b5 {[%clk 0:18:32]} 29.
a4 {[%clk 0:02:15]} f5 {[%clk 0:17:43]} 30. Kf3 {[%clk 0:01:51]} Rd3 {[%clk
0:17:37]} 31. Ke2 {[%clk 0:01:56]} Rb3 {[%clk 0:15:19]} 32. Rc2 {[%clk
0:02:17]} Ne5 {[%clk 0:13:05]} 33. axb5 {[%clk 0:02:42]} axb5 {[%clk 0:13:24]}
34. Bd4 {[%clk 0:02:45]} Nc6 {[%clk 0:13:43]} 35. Bc5 {[%clk 0:02:57]} Rd3
{[%clk 0:12:36]} 36. Ke1 {[%clk 0:02:32]} Nd4 {[%clk 0:10:19]} 37. Bxd4 {[%clk
0:02:52]} Rxd4 {[%clk 0:10:45]} 38. Rd2 {[%clk 0:02:18]} Rxd2 {[%clk 0:08:21]}
39. Kxd2 {[%clk 0:02:45]} b4 {[%clk 0:08:40]} 40. Ke3 {[%clk 0:03:00]} c3
{[%clk 0:05:30]} 41. bxc3 {[%clk 0:03:22]} bxc3 {[%clk 0:05:50]} 42. Kd3 {[%clk
0:03:44]} Kf7 {[%clk 0:03:06]} 43. Kxc3 {[%clk 0:03:12]} Kf6 {[%clk 0:28:15]}
44. Kd4 {[%clk 0:23:06]} g5 {[%clk 0:24:31]} 45. g3 {[%clk 0:21:23]} Ke6 {[%clk
0:23:12]} 46. f4 {[%clk 0:16:36]} gxf4 {[%clk 0:22:41]} 47. gxf4 {[%clk
0:17:00]} Kd6 {[%clk 0:22:54]} 48. Kc4 {[%clk 0:17:14]} Kc6 {[%clk 0:22:14]}
49. Kd4 {[%clk 0:17:37]} Kd6 {[%clk 0:22:37]} 50. Kc4 {[%clk 0:17:50]} Kc6
{[%clk 0:23:01]} 51. Kd4 {[%clk 0:18:04]} Kd6 {[%clk 0:23:26]} 1/2-1/2

[Event "DEM U16w 2021"]
[Site "Willingen GER"]
[Date "2021.08.27"]
[Round "7"]
[White "Reuter, Elisa"]
[Black "Peglau, Mirjam"]
[Result "1-0"]
[Termination "normal"]
[Board "3"]
[WhiteTitle "WCM"]
[WhiteElo "1845"]
[BlackElo "1906"]
[WhiteClock "00:03:55"]
[BlackClock "00:07:35"]
[PlyCount "91"]
[WhiteFideId "12995444"]
[BlackFideId "16211138"]
[EventCountry "GER"]
[EventRounds "9"]
[EventType "swiss"]
[EventDate "2021.08.22"]

1. e4 {[%clk 1:30:59]} e6 {[%clk 1:30:54]} 2. d4 {[%clk 1:31:24]} d5 {[%clk
1:31:23]} 3. Nc3 {[%clk 1:31:47]} Nf6 {[%clk 1:31:42]} 4. Bg5 {[%clk 1:32:13]}
Be7 {[%clk 1:32:07]} 5. e5 {[%clk 1:32:38]} Nfd7 {[%clk 1:32:32]} 6. h4 {[%clk
1:33:03]} h6 {[%clk 1:32:59]} 7. Bxe7 {[%clk 1:33:25]} Qxe7 {[%clk 1:33:27]} 8.
Qg4 {[%clk 1:21:37]} O-O {[%clk 1:33:42]} 9. f4 {[%clk 1:20:19]} c5 {[%clk
1:32:42]} 10. Nf3 {[%clk 1:14:12]} Nc6 {[%clk 1:30:32]} 11. O-O-O {[%clk
1:06:51]} cxd4 {[%clk 1:09:39]} 12. Nxd4 {[%clk 1:06:54]} Qb4 {[%clk 0:57:59]}
13. a3 {[%clk 1:01:22]} Qc5 {[%clk 0:55:03]} 14. Nb3 {[%clk 1:00:54]} Qb6
{[%clk 0:49:20]} 15. Rh3 {[%clk 0:56:37]} f5 {[%clk 0:46:36]} 16. Qh5 {[%clk
0:49:18]} Nc5 {[%clk 0:37:48]} 17. Nxc5 {[%clk 0:46:33]} Qxc5 {[%clk 0:38:16]}
18. Rg3 {[%clk 0:45:14]} Kh8 {[%clk 0:37:35]} 19. Nb5 {[%clk 0:30:35]} Bd7
{[%clk 0:32:39]} 20. Nd6 {[%clk 0:29:06]} Be8 {[%clk 0:32:41]} 21. Qf3 {[%clk
0:27:51]} b5 {[%clk 0:25:22]} 22. Qc3 {[%clk 0:23:57]} Qb6 {[%clk 0:20:46]} 23.
Bxb5 {[%clk 0:20:37]} Bd7 {[%clk 0:15:24]} 24. Bxc6 {[%clk 0:20:07]} Bxc6
{[%clk 0:15:37]} 25. Qd4 {[%clk 0:18:43]} Qa5 {[%clk 0:14:55]} 26. Rc3 {[%clk
0:17:26]} Be8 {[%clk 0:14:29]} 27. Qc5 {[%clk 0:16:46]} Qa6 {[%clk 0:14:03]}
28. Re1 {[%clk 0:14:14]} Bh5 {[%clk 0:13:30]} 29. Qb5 {[%clk 0:14:04]} Qxb5
{[%clk 0:12:35]} 30. Nxb5 {[%clk 0:14:29]} Rac8 {[%clk 0:11:42]} 31. Rxc8
{[%clk 0:14:24]} Rxc8 {[%clk 0:12:11]} 32. Nd4 {[%clk 0:13:06]} Bf7 {[%clk
0:11:35]} 33. Kd2 {[%clk 0:12:58]} Kh7 {[%clk 0:11:40]} 34. Re3 {[%clk
0:11:48]} Rc4 {[%clk 0:10:28]} 35. c3 {[%clk 0:10:30]} Ra4 {[%clk 0:09:54]} 36.
Rg3 {[%clk 0:09:14]} g6 {[%clk 0:09:11]} 37. Kc2 {[%clk 0:08:47]} Kg7 {[%clk
0:09:34]} 38. Kb3 {[%clk 0:07:45]} Rc4 {[%clk 0:08:55]} 39. Ka2 {[%clk
0:08:00]} Kf8 {[%clk 0:08:43]} 40. b3 {[%clk 0:08:14]} Rc8 {[%clk 0:09:02]} 41.
Kb2 {[%clk 0:07:46]} Ke7 {[%clk 0:09:07]} 42. Nb5 {[%clk 0:06:54]} a6 {[%clk
0:08:24]} 43. Nd6 {[%clk 0:07:09]} Rc5 {[%clk 0:08:15]} 44. h5 {[%clk 0:04:05]}
g5 {[%clk 0:07:20]} 45. fxg5 {[%clk 0:04:27]} f4 {[%clk 0:07:35]} 46. gxh6
{[%clk 0:03:55]} 1-0